Czego większość ludzi potrzebuje do spania? - Statystyki

Ogólne statystyki
  • Ten quiz został rozwiązany 15 razy
  • Średni wynik to 3 z 6
Statystyki odpowiedzi
Hint Odpowiedź % Poprawnych
4. Poduszki
100%
5. Łóżka
83%
1. Ciszy
50%
2. Ciemności
33%
6. Tabletek
0%
3. Wódki
0%
Nie znaleziono quizów pasujących do podanych kryteriów
Rozkład punktacji
Procent ludzi z każdym wynikiem
Percentyl według liczby udzielonych odpowiedzi
Twoja historia wyników
Nie rozwiązałeś tego quizu